[Event "Titled Tuesday intern op 16th Jan Early"]
[Site "Chess.com INT"]
[Date "2024.01.16"]
[Round "9"]
[White "George Micheal, Kevin"]
[Black "Novikova, Margarita"]
[Result "1-0"]
[WhiteElo "2261"]
[BlackElo "1999"]
[PlyCount "63"]
[EventDate "2024.01.16"]
[EventType "swiss (blitz)"]
[EventRounds "11"]
[EventCountry "USA"]
[SourceTitle "CB04_2024"]
[SourceDate "2023.10.16"]
[SourceVersion "1"]
[SourceVersionDate "2023.10.16"]
[SourceQuality "1"]

1. b3 Nf6 2. Bb2 g6 3. Bxf6 exf6 4. d4 Bg7 5. e3 0-0 6. Bd3 f5 7. Ne2 c5 8. 0-0 d5 9. Nd2 b6 10. Nf3 Bb7 11. c3 Nd7 12. Qd2 Rc8 13. Rfd1 Nf6 14. Qb2 Ne4 15. Rac1 Qe7 16. Qa3 Ba8 17. c4 Rfe8 18. cxd5 Bxd5 19. Nf4 Ba8 20. Bb5 Red8 21. Nd3 Qb7 22. Ba6 Qc6 23. Bxc8 Rxc8 24. dxc5 Ng5 25. cxb6 Nxf3+ 26. gxf3 Bc3 27. Ne5 Qe6 28. Qd6 Qe8 29. Nd7 Bxf3 30. Rxc3 Bxd1 31. Nf6+ Kg7 32. Nxe8+ 1-0

[Event "Wch U14"]
[Site "Montesilvano"]
[Date "2023.11.23"]
[Round "10"]
[White "George Micheal, Kevin"]
[Black "Nainys, Zanas1"]
[Result "1-0"]
[WhiteElo "2317"]
[BlackElo "1974"]
[PlyCount "51"]
[EventDate "2023.11.13"]
[EventType "swiss"]
[EventRounds "11"]
[EventCountry "ITA"]
[SourceTitle "CB48_2023"]
[SourceDate "2023.11.29"]
[SourceVersion "1"]
[SourceVersionDate "2023.11.29"]
[SourceQuality "1"]

1. e4 Nc6 2. d4 d5 3. e5 f6 4. f4 Bf5 5. c3 e6 6. Bd3 Nh6 7. Nf3 Be7 8. 0-0 0-0 9. Qe2 Qd7 10. Nbd2 fxe5 11. fxe5 Bxd3 12. Qxd3 b6 13. Nb3 Nf5 14. Bd2 Nd8 15. Nc1 c5 16. Ne2 Nc6 17. Rf2 Rf7 18. Raf1 Raf8 19. g3 Na5 20. Bg5 Qd8 21. Nf4 c4 22. Qb1 Qd7 23. Bxe7 Rxe7 24. Ng5 g6 25. Nfxe6 Rfe8 26. g4 1-0

[Event "Titled Tuesday intern op 29th Aug Early"]
[Site "Chess.com INT"]
[Date "2023.08.29"]
[Round "1"]
[White "George Micheal, Kevin"]
[Black "Geivondian, Arman"]
[Result "0-1"]
[WhiteElo "2223"]
[BlackElo "2306"]
[PlyCount "130"]
[EventDate "2023.08.29"]
[EventType "swiss (blitz)"]
[EventRounds "11"]
[EventCountry "USA"]
[SourceTitle "EXT 2024"]
[Source "ChessBase"]
[SourceDate "2023.10.10"]
[SourceVersion "1"]
[SourceVersionDate "2023.10.10"]
[SourceQuality "1"]

1. b3 c6 2. Bb2 Nf6 3. e3 g6 4. c4 Bg7 5. g3 0-0 6. Bg2 Re8 7. Ne2 e5 8. 0-0 d5 9. d3 Bf5 10. Nbc3 dxc4 11. dxc4 Nbd7 12. Ba3 Qa5 13. Qc1 Rad8 14. Rd1 Nf8 15. Bd6 e4 16. c5 Ne6 17. a3 Rd7 18. b4 Qd8 19. h3 h5 20. Qc2 Nc7 21. Nd4 Nfd5 22. Nxd5 Nxd5 23. Rac1 Qf6 24. Qe2 Rdd8 25. Kh2 Bc8 26. Qc2 h4 27. Bxe4 Rxe4 28. Qxe4 Qxf2+ 29. Qg2 hxg3+ 30. Bxg3 Qxg2+ 31. Kxg2 Nxe3+ 32. Kf3 Nxd1 33. Rxd1 Rxd4 34. Re1 Be6 35. Be5 Bxe5 36. Rxe5 Rd3+ 37. Kf4 Rxh3 38. Kg5 Kg7 39. Re1 Rxa3 40. Kf4 Ra4 41. Re4 a5 42. bxa5 Rxa5 43. Rb4 Rxc5 44. Rxb7 g5+ 45. Ke3 Kg6 46. Kd4 Rd5+ 47. Ke4 f5+ 48. Ke3 Kf6 49. Kf3 c5 50. Ke3 f4+ 51. Ke4 Rd4+ 52. Kf3 g4+ 53. Kf2 Rd2+ 54. Ke1 Ra2 55. Rc7 c4 56. Rc6 Ke5 57. Rc5+ Kd4 58. Rg5 g3 59. Rg6 Bf5 60. Rd6+ Ke3 61. Rd1 g2 62. Rd3+ cxd3 63. Kd1 Rd2+ 64. Kc1 Re2 65. Kb1 g1Q# 0-1

[Event "Titled Tuesday intern op 29th Aug Early"]
[Site "Chess.com INT"]
[Date "2023.08.29"]
[Round "2"]
[White "George Micheal, Kevin"]
[Black "Pinero Rodriguez, Carlos Jose"]
[Result "1-0"]
[WhiteElo "2223"]
[BlackElo "2246"]
[PlyCount "193"]
[EventDate "2023.08.29"]
[EventType "swiss (blitz)"]
[EventRounds "11"]
[EventCountry "USA"]
[SourceTitle "EXT 2024"]
[Source "ChessBase"]
[SourceDate "2023.10.10"]
[SourceVersion "1"]
[SourceVersionDate "2023.10.10"]
[SourceQuality "1"]

1. Nf3 c5 2. g3 Nf6 3. Bg2 e6 4. 0-0 Nc6 5. d3 d5 6. Nbd2 Be7 7. e4 b5 8. Re1 h6 9. Nf1 a5 10. h4 b4 11. exd5 exd5 12. d4 c4 13. Ne5 Bb7 14. Ne3 0-0 15. N3xc4 Rc8 16. Nxc6 Bxc6 17. Ne5 Bb5 18. Bd2 Re8 19. c3 Bd6 20. cxb4 axb4 21. Qb3 Bc4 22. Qf3 Rc7 23. b3 Bb5 24. Ng4 Ne4 25. Bf4 f6 26. Bxd6 Qxd6 27. Ne3 g6 28. Nxd5 Qxd5 29. Rxe4 Rxe4 30. Qxe4 Qxe4 31. Bxe4 f5 32. Bd5+ Kg7 33. Bc4 Bxc4 34. Rc1 Ra7 35. Rxc4 Rxa2 36. Rxb4 g5 37. h5 g4 38. Rb5 Kf6 39. Rb6+ Kg5 40. d5 Rd2 41. d6 Kxh5 42. Rc6 Kg5 43. b4 h5 44. b5 Kf6 45. b6 Rb2 46. d7+ Ke7 47. Rc5 Rxb6 48. Rxf5 Kxd7 49. Rxh5 Rb4 50. Rh7+ Ke6 51. Kg2 Kf5 52. Rh5+ Kg6 53. Re5 Rc4 54. Re3 Ra4 55. Re2 Rb4 56. Rc2 Rd4 57. Rc5 Ra4 58. Kf1 Rb4 59. Rc2 Rb3 60. Ke2 Ra3 61. Rc5 Rb3 62. Re5 Ra3 63. Re3 Ra4 64. Kf1 Kf5 65. Kg2 Ra2 66. Rc3 Kg5 67. Rc5+ Kg6 68. Rc8 Kf5 69. Rf8+ Kg5 70. Rf4 Ra3 71. Re4 Rb3 72. Rd4 Rc3 73. Rd5+ Kg6 74. Rd4 Kf5 75. Ra4 Rb3 76. Rf4+ Kg5 77. Rd4 Rc3 78. Rd5+ Kg6 79. Kf1 Ra3 80. Ke2 Kf6 81. Rd3 Ra2+ 82. Ke3 Ra4 83. Rd4 Ra3+ 84. Kf4 Rf3+ 85. Kxg4 Rxf2 86. Rf4+ Rxf4+ 87. Kxf4 Kg6 88. Kg4 Kf6 89. Kh5 Kg7 90. Kg5 Kh7 91. Kf6 Kg8 92. Kg6 Kh8 93. Kf7 Kh7 94. g4 Kh8 95. g5 Kh7 96. g6+ Kh6 97. g7 1-0

[Event "Titled Tuesday intern op 29th Aug Early"]
[Site "Chess.com INT"]
[Date "2023.08.29"]
[Round "6"]
[White "Rios Escobar, Adan"]
[Black "George Micheal, Kevin"]
[Result "1-0"]
[WhiteElo "2234"]
[BlackElo "2223"]
[PlyCount "71"]
[EventDate "2023.08.29"]
[EventType "swiss (blitz)"]
[EventRounds "11"]
[EventCountry "USA"]
[SourceTitle "EXT 2024"]
[Source "ChessBase"]
[SourceDate "2023.10.10"]
[SourceVersion "1"]
[SourceVersionDate "2023.10.10"]
[SourceQuality "1"]

1. d4 d5 2. g3 g6 3. Nf3 Nf6 4. Bg2 Bg7 5. c4 c6 6. cxd5 cxd5 7. Nc3 Nc6 8. Ne5 Ng4 9. Nxg4 Bxg4 10. Bxd5 Bxd4 11. Qb3 0-0 12. Bh6 Na5 13. Qb4 Nc6 14. Bxc6 bxc6 15. 0-0-0 c5 16. Qa3 Re8 17. h3 Be6 18. e3 Qb6 19. exd4 cxd4 20. Na4 Qc6+ 21. Kb1 Rad8 22. Ka1 Bf5 23. Nc5 Qd5 24. Nb3 e5 25. Rhe1 Bc2 26. Rd2 d3 27. Nc5 Rc8 28. Ne4 Kh8 29. Nf6 Qc6 30. Nxe8 Rxe8 31. Qc3 Qd5 32. f4 f6 33. fxe5 fxe5 34. Bf4 Qd6 35. Rxe5 Rf8 36. Rd5+ 1-0

[Event "Casablanca Mohammed op 4th"]
[Site "Casablanca"]
[Date "2023.08.14"]
[Round "1"]
[White "Quintiliano Pinto, Renato Rodrigues"]
[Black "George Micheal, Kevin"]
[Result "1/2-1/2"]
[WhiteElo "2515"]
[BlackElo "2223"]
[PlyCount "75"]
[EventDate "2023.08.14"]
[EventType "swiss"]
[EventRounds "9"]
[EventCountry "MAR"]
[SourceTitle "CBM 215 Extra"]
[Source "ChessBase"]
[SourceDate "2023.09.30"]
[SourceVersion "1"]
[SourceVersionDate "2023.09.30"]
[SourceQuality "1"]

1. d4 Nf6 2. c4 e6 3. Nf3 Bb4+ 4. Nbd2 b6 5. g3 Ba6 6. Qc2 0-0 7. Bg2 d5 8. 0-0 c5 9. dxc5 Bxc5 10. b3 Nbd7 11. Bb2 Bb7 12. Rad1 Qe7 13. cxd5 Rac8 14. Qb1 exd5 15. e3 Ba6 16. Rfe1 Bb4 17. Nd4 Ne5 18. a3 Bc3 19. Bf1 Bxd2 20. Rxd2 Bxf1 21. Rxf1 Ne4 22. Rdd1 Nc3 23. Bxc3 Rxc3 24. Rc1 Rfc8 25. Rxc3 Rxc3 26. Rc1 Rxc1+ 27. Qxc1 g6 28. Qc8+ Kg7 29. a4 h5 30. h3 Qf6 31. Qc7 Nf3+ 32. Nxf3 Qxf3 33. Qe5+ Kg8 34. Qb8+ Kg7 35. Qxa7 Qd1+ 36. Kg2 Qxb3 37. a5 bxa5 38. Qxa5 1/2-1/2

[Event "Dubai op-B 23rd"]
[Site "Dubai"]
[Date "2023.05.30"]
[Round "4"]
[White "George Micheal, Kevin"]
[Black "Ashrapov, Daler"]
[Result "1/2-1/2"]
[WhiteElo "2149"]
[BlackElo "1834"]
[PlyCount "130"]
[EventDate "2023.05.27"]
[EventType "swiss"]
[EventRounds "9"]
[EventCountry "UAE"]
[SourceTitle "CBM 214 Extra"]
[Source "ChessBase"]
[SourceDate "2023.07.31"]
[SourceVersion "1"]
[SourceVersionDate "2023.07.31"]
[SourceQuality "1"]

1. e4 e5 2. Nf3 Nc6 3. d4 exd4 4. Nxd4 Bc5 5. Nb3 Bb6 6. Nc3 d6 7. Qe2 Be6 8. Be3 Nf6 9. 0-0-0 Bxe3+ 10. Qxe3 Qe7 11. h3 a6 12. g4 0-0-0 13. Bg2 Kb8 14. Rhe1 Rhe8 15. Qg3 g5 16. Nd5 Bxd5 17. exd5 Ne5 18. Nd4 Qd7 19. f4 gxf4 20. Qxf4 Ng8 21. Nb3 Ne7 22. Qb4 Nc8 23. Be4 Qe7 24. c4 Nb6 25. c5 dxc5 26. Nxc5 Ned7 27. Nxd7+ Rxd7 28. Qb3 Qc5+ 29. Qc2 Qxc2+ 30. Bxc2 Rxe1 31. Rxe1 h6 32. Re8+ Ka7 33. Rh8 Rd6 34. Rf8 Rf6 35. Bb3 Nd7 36. Re8 Nc5 37. Re7 Nxb3+ 38. axb3 Kb6 39. h4 Rf4 40. g5 hxg5 41. hxg5 Rf5 42. g6 fxg6 43. Re6+ Kc5 44. Rxg6 Kb4 45. d6 cxd6 46. Rxd6 Kxb3 47. Rd3+ Kb4 48. Kb1 b5 49. Ka2 Rf4 50. Rb3+ Ka5 51. Rh3 Kb4 52. Rb3+ Kc5 53. Ra3 Kb6 54. Rh3 a5 55. Rg3 a4 56. b3 Ka5 57. bxa4 Kxa4 58. Kb2 Rf2+ 59. Kb1 b4 60. Rh3 Rd2 61. Rg3 Rd1+ 62. Kb2 Rh1 63. Rf3 Rh2+ 64. Kb1 b3 65. Rf8 Rh8 1/2-1/2

[Event "Dubai op-B 23rd"]
[Site "Dubai"]
[Date "2023.05.27"]
[Round "1"]
[White "Opasiak, Dustin Tennessee"]
[Black "George Micheal, Kevin"]
[Result "0-1"]
[WhiteElo "1745"]
[BlackElo "2149"]
[PlyCount "78"]
[EventDate "2023.05.27"]
[EventType "swiss"]
[EventRounds "9"]
[EventCountry "UAE"]
[SourceTitle "CBM 214 Extra"]
[Source "ChessBase"]
[SourceDate "2023.07.31"]
[SourceVersion "1"]
[SourceVersionDate "2023.07.31"]
[SourceQuality "1"]

1. Nf3 d5 2. g3 Bg4 3. Bg2 Nd7 4. 0-0 c6 5. d3 Ngf6 6. Nbd2 e5 7. e4 dxe4 8. dxe4 Be7 9. Qe2 0-0 10. h3 Bh5 11. a4 a5 12. Kh1 Qc7 13. b3 Rfe8 14. Bb2 Bf8 15. g4 Bg6 16. Nh4 Nc5 17. Nxg6 hxg6 18. Rae1 Ne6 19. f3 Bc5 20. Nc4 Nf4 21. Qd1 Rad8 22. Qa1 Nd7 23. Bc3 b6 24. Bd2 Ne6 25. Qc1 f6 26. h4 Kf7 27. Kh2 Nf4 28. Kg3 g5 29. Rh1 gxh4+ 30. Rxh4 Nf8 31. g5 fxg5 32. Rh8 N8g6 33. Rxe8 Rxe8 34. Bh3 g4 35. Bxg4 Qd8 36. Nxe5+ Rxe5 37. Bxf4 Qh4+ 38. Kg2 Qf2+ 39. Kh1 Re8 0-1

[Event "Wch FIDE Online U12 Africa qual"]
[Site "Tornelo INT"]
[Date "2020.11.29"]
[Round "3"]
[White "Mena, Martin"]
[Black "George Micheal, Kevin"]
[Result "1-0"]
[WhiteElo "1607"]
[BlackElo "1411"]
[PlyCount "109"]
[EventDate "2020.11.28"]
[EventType "swiss (rapid)"]
[EventRounds "7"]
[EventCountry "ISS"]
[SourceTitle "EXT 2022"]
[Source "ChessBase"]
[SourceDate "2021.10.06"]
[SourceVersion "1"]
[SourceVersionDate "2021.10.06"]
[SourceQuality "1"]

1. d4 Nf6 2. Nf3 g6 3. c4 Bg7 4. Nc3 0-0 5. e4 d6 6. h3 e5 7. d5 a5 8. Be3 Na6 9. g4 Nd7 10. g5 Ndc5 11. h4 Bg4 12. Be2 Qd7 13. Nxe5 Bxe5 14. Bxg4 Qe7 15. f3 Nb4 16. Bxc5 dxc5 17. a3 Na6 18. Qd2 Bg3+ 19. Kd1 Qe5 20. Ne2 Bf2 21. Kc2 Bd4 22. Nf4 Bxb2 23. Nd3 Qd6 24. Nxb2 Rab8 25. Nd3 b5 26. cxb5 Rxb5 27. Rab1 Rxb1 28. Rxb1 c4 29. Nb2 Qxa3 30. Nxc4 Qa4+ 31. Kd3 Nc5+ 32. Kc3 Qe8 33. Qc2 Na4+ 34. Kd2 Nc5 35. Ne3 Na6 36. Rb7 Nb4 37. Qc4 Qe5 38. Qc3 Qh2+ 39. Kc1 Qg1+ 40. Kb2 Qf2+ 41. Nc2 Qg2 42. Rxc7 a4 43. Qxb4 Qg3 44. d6 Qf2 45. Qc3 Qb6+ 46. Kc1 Qxd6 47. Rc6 Qh2 48. Kb2 Qb8+ 49. Ka3 Qh2 50. Nb4 Qg3 51. Rc8 Qf2 52. Rxf8+ Kxf8 53. Qc8+ Kg7 54. Nd5 Qe2 55. Qc3+ 1-0